| 000 | 00317nam a2200109Ia 4500 | ||
|---|---|---|---|
| 008 | 220120s9999||||xx |||||||||||||| ||und|| | ||
| 020 | _a9781259061080 | ||
| 100 | _aNIIT world class education | ||
| 245 | 0 | _aDB2 universal database programming fundamentals : CC 10 stud | |
| 260 |
_bNew Delhi _c2001 |
||
| 300 |
_a563p. _b0 |
||
| 999 |
_c136626 _d136626 |
||